| 000 | 00724nam a2200277 a 4500 | ||
|---|---|---|---|
| 003 | AR-BaBNM | ||
| 005 | 20251128203338.0 | ||
| 008 | 082120s2002 ||||||||||||||000 | spa|| | ||
| 040 | _cAR-BaBNM | ||
| 245 | 0 | 0 |
_aClub de actividades sociales _borganización y planeamiento |
| 250 | _a1ª ed. | ||
| 260 |
_aBuenos Aires _bKapelusz _c1971 |
||
| 300 |
_a30 p. _bil. |
||
| 490 | 0 |
_aCuaderno pedagógico _vv. 15 |
|
| 650 | 4 | _aCLUBES | |
| 650 | 4 | _aBIBLIOTECAS ESCOLARES | |
| 650 | 4 | _aFILATELIA | |
| 650 | 4 | _aMUSEOS | |
| 650 | 4 | _aNUMISMATICA | |
| 650 | 4 | _aPERIODICOS | |
| 650 | 4 | _aACTIVIDADES FUERA DE PROGRAMA | |
| 650 | 4 | _aACTIVIDADES DE APRENDIZAJE | |
| 653 | _aVISITAS GUIADAS | ||
| 942 | _cBK | ||
| 998 | _cCarmen | ||
| 999 |
_c2992 _d2992 |
||